| 000 | 00563cam a2200145 4500500 | ||
|---|---|---|---|
| 005 | 20260208002339.0 | ||
| 041 | _afre | ||
| 042 | _adc | ||
| 100 | 1 | 0 |
_aTiedje, Kristina _eauthor |
| 245 | 0 | 0 | _aMathew G. Gutmann et al., eds Perspectives on las Américas A Reader in Culture, History, and Representation. Malden-Oxford, Blackwell, 2003, 461 p., index |
| 260 | _c2005. | ||
| 500 | _a72 | ||
| 786 | 0 | _nL'Homme | 174 | 2 | 2005-06-01 | p. 277f-329f | 0439-4216 | |
| 856 | 4 | 1 | _uhttps://shs.cairn.info/revue-l-homme-2005-2-page-277f?lang=fr&redirect-ssocas=7080 |
| 999 |
_c1645952 _d1645952 |
||